Регионална библиотека "Любен Каравелов" - Русе

Мястото, откъдето започва безкраят (Запис номер 169274)

MARC детайли
000 -Лидер
Контролно поле с фиксирана дължина 01630nam a2200325 c 4500
003 - Код на организацията, давaща контролен номер
Контролно поле BLK
005 - Дата и час на последна редакция
Контролно поле 20220225113542.0
008 - Елементи от данни с фиксирана дължина
fixed length control field 180411b bul|||||r ||||||| ||bul||
010 ## - Наследен системен номер
LC control number KNG00177268000
020 ## - Международен стандартен номер на книга ISBN
Международен стандартен номер на книга ISBN 978-954-392-244-4
040 ## - Източник на каталожния запис
Идентификатор на билиотеката - собственик на записа BLK
041 ## - Код за език
Код за езика на текст/звукозапис или на отделно заглавие Български
Код за езика КДБФ Български
072 #7 - Код за тематичната категория
Код организация bullib
Код за тематична категория Н84
Текст Българска художествена литература Н
080 ## - УДК
Текстов определител УДК Българска литература
УДК код - определител по УДК 821.163.2
УДК определител -32
УДК - код + определител 821.163.2-32
100 1# - Редна дума - Автор
Автор Луков, Владимир Георгиев
Авторска отговорност първи автор
R(LIN) 382379
139 ## - Редно поле
Редна дума Луков, Владимир Георгиев
Авторски знак Лук - Л 86
245 10 - Сведения за заглавието
Заглавие Мястото, откъдето започва безкраят
Подзаглавни данни Достоверни разкази, мисли, сънища, фантазии и изследвания : Философия на цялостността и практика на оличностяването : Т. 1 -
Редно поле (дума) Владимир Георгиев Луков.
Том Т. 2
Заглавие на том Книга за (не)удачници
257 ## - Страна на издаване
Страна на създаване/издаване България
260 ## - Област на издателските данни
Година на издаване 2012 -
Печатница София : Диджитъл Принт Експрес
300 ## - Физическа характеристика
Размери/Мащаб 20 см
380 ## - Жанр
Жанр Худож. лит.
653 ## - Ключова дума – ненормативна
Ключова дума разкази
659 ## - Тематичен бюлетин
Тематичен бюлетин Н
760 1# - Описание на основната серия
Редна дума на основното описание Луков, Владимир Георгиев
Място на издаване, издател и година Пропелер, 2014
Страници - том 504 с.
Заглавие Т. 2 Книга за (не)удачници
852 ## - Местоположение
Форматна сигнатура Цб 266676
852 ## - Местоположение
Форматна сигнатура К 821.163.2/Л 86 В
856 4# - Електронен адрес и достъп
Електронен формат pdf - файл
856 4# - Електронен адрес и достъп
Електронен формат pdf - файл
999 ## - СИСТЕМНИ КОНТРОЛНИ НОМЕРА
Koha biblionumber 169274
Koha biblioitemnumber 169274
942 ## - АРТИКУЛИ
Вид на библиотечния материал Книги
Скрит в OPAC Не
Периодичен библиозапис Да
944 ## - СЪЗДАВАНЕ И РЕДАКЦИЯ на ЗАПИСА
Създаване/Редакция Създаване
Дата на регистрацията/редакция 26.06.2015
Служител, извършил регистрацията/редакцията Виолета_Тройчева
944 ## - СЪЗДАВАНЕ И РЕДАКЦИЯ на ЗАПИСА
Създаване/Редакция Редакция
Дата на регистрацията/редакция 09.11.2015
Служител, извършил регистрацията/редакцията Наталия_Медовщикова
999 ## - СИСТЕМНИ КОНТРОЛНИ НОМЕРА
Koha biblioitemnumber 169274
Наличности
Код за отписване Код за изгубен артикул Код за повреда Коз за рестрикции Код за отдаване Артикулен № Име на библиотеката - собственик Име на библиотеката, в която се намира в момента Статус (Текущо местоположение) Дата на вписване в системата Местоположение - отдел Цена в лева Инвентарен номер Систематично азбучна сигнатура Баркод Номер на екземпляра Цена в евро Служебна бележка Служебен тип на артикула Източник на класификационната схема
  Не е изгубен Не е повреден без рестрикции ползва се в читалня 286199 Регионална библиотека "Любен Каравелов" Русе Регионална библиотека "Любен Каравелов" Русе Хранилище 2015-06-28 Хранилище 18.00 120000789260 Цб 266676 120000789260 1 9.20 Дост: Dp Вид: Д N: 5 Дата: 24.01.2015 Книги  
  Не е изгубен Не е повреден без рестрикции ползва се в читалня 286200 Регионална библиотека "Любен Каравелов" Русе Регионална библиотека "Любен Каравелов" Русе Краезнание 2015-09-29 Краезнание 18.00 120000793129 К 821.163.2/Л 86 В 120000793129 2 9.20 Дост: DA Вид: А N: 19 Дата: 29.09.2015 Дата инв: 14.11.2017 Бележки инв: К2017 Книги Universal Decimal Classification
Vip Innovations Ltd, Rousse, Bulgaria 2025